| 000 | 00290 a2200109 4500 | ||
|---|---|---|---|
| 001 | 63397 | ||
| 082 | _a808.02 GIB | ||
| 090 |
_c37450 _d37450 |
||
| 100 | _aGibaldi, J | ||
| 245 |
_aMLA Handboo for writers of research papers _hEnglish |
||
| 260 |
_aUSA _bModern Language associate of america |
||
| 942 |
_aCAE NUST _k808.02 GIB |
||
| 999 |
_c298470 _d298470 |
||